Data Structures and Algorithms (Record no. 3790)

MARC details
000 -LEADER
fixed length control field 00367nam a2200157Ia 4500
008 - FIXED-LENGTH DATA ELEMENTS--GENERAL INFORMATION
fixed length control field 191201s2009 xx 000 0 und d
020 ## - INTERNATIONAL STANDARD BOOK NUMBER
International Standard Book Number 9788177588262
082 ## - DEWEY DECIMAL CLASSIFICATION NUMBER
Classification number 005.73
Item number AHD
100 ## - MAIN ENTRY--PERSONAL NAME
Personal name Aho, Alfred V
245 #0 - TITLE STATEMENT
Title Data Structures and Algorithms
250 ## - EDITION STATEMENT
Edition statement Imp
260 ## - PUBLICATION, DISTRIBUTION, ETC. (IMPRINT)
Place of publication, distribution, etc N.Delhi
Name of publisher, distributor, etc pearson
Date of publication, distribution, etc 2009
300 ## - PHYSICAL DESCRIPTION
Extent 433
650 ## - SUBJECT ADDED ENTRY--TOPICAL TERM
Topical term or geographic name as entry element MCA
942 ## - ADDED ENTRY ELEMENTS (KOHA)
Source of classification or shelving scheme Dewey Decimal Classification
Koha item type Text Books
942 ## - ADDED ENTRY ELEMENTS (KOHA)
-- 4
Holdings
Withdrawn status Lost status Source of classification or shelving scheme Damaged status Not for loan Collection code Home library Current library Date acquired Source of acquisition Cost, normal purchase price Bill Number Total Checkouts Full call number Acc. no. / Barcode Date last seen Bill Date Koha item type Date last borrowed
    Dewey Decimal Classification     B.Tech(CSE) PIET C-LIBRARY PIET C-LIBRARY 19/08/2006 M/s UBS, Delhi 250.00 125382   005.74 AHD 3010 04/12/2019 23/08/2005 Text Books  
    Dewey Decimal Classification     B.Tech(CSE) PIET C-LIBRARY PIET C-LIBRARY 19/08/2006 M/s UBS, Delhi 250.00 125382   005.74 AHD 3011 04/12/2019 23/08/2005 Text Books  
    Dewey Decimal Classification     B.Tech(CSE) PIET C-LIBRARY PIET C-LIBRARY 19/08/2006 M/s UBS, Delhi 250.00 125382 3 005.74 AHD 3012 18/06/2025 23/08/2005 Text Books 06/06/2025
    Dewey Decimal Classification     B.Tech(CSE) PIET C-LIBRARY PIET C-LIBRARY 30/08/2006 M/s UDH, Delhi 275.00 10392 1 005.74 AHD 5087 24/03/2021 16/01/2006 Text Books 18/03/2021
    Dewey Decimal Classification     B.Tech(IT) PIET C-LIBRARY PIET C-LIBRARY 13/08/2007 J B C, New Delhi 290.00 697 2 005.73 AHD 6010 06/01/2025 27/07/2007 Text Books 31/12/2024
    Dewey Decimal Classification     Computer Science & Engineering in Cyber Security PIET C-LIBRARY PIET C-LIBRARY 13/08/2007 J B C, New Delhi 290.00 697 1 005.73 AHD 6011 29/03/2022 27/07/2007 Text Books 28/03/2022
    Dewey Decimal Classification     Computer Science and Engineering in AI & Data Science PIET C-LIBRARY PIET C-LIBRARY 13/08/2007 J B C, New Delhi 290.00 697 2 005.73 AHD 6012 23/11/2023 27/07/2007 Text Books 09/11/2023
    Dewey Decimal Classification     MCA PIET C-LIBRARY PIET C-LIBRARY 25/02/2009 J B C, New Delhi 365.00 SI-5377 2 005.73 AHD 11227 12/05/2025 27/01/2009 Text Books 03/04/2025
    Dewey Decimal Classification     MCA PIET C-LIBRARY PIET C-LIBRARY 25/02/2009 J B C, New Delhi 365.00 SI-5377 1 005.73 AHD 11228 30/10/2025 27/01/2009 Text Books 16/10/2025
    Dewey Decimal Classification     MCA PIET C-LIBRARY PIET C-LIBRARY 25/02/2009 J B C, New Delhi 365.00 SI-5377   005.73 AHD 11229 04/12/2019 27/01/2009 Text Books  
    Dewey Decimal Classification     MCA PIET C-LIBRARY PIET C-LIBRARY 25/02/2009 J B C, New Delhi 365.00 SI-5377   005.73 AHD 11230 04/12/2019 27/01/2009 Text Books  

Design & Developed by: PIET Central Library
R70 Miles Stone Pattikalyana Samalkha Panipat 132102
mail ID :- [email protected], Phone No:- 0180-2569700 Ex.216